[Event "FIDE World Blitz 2014"]
[Site "Dubai UAE"]
[Date "2014.06.19"]
[Round "4.46"]
[White "Fier, Alexandr"]
[Black "Taleb, Moussa"]
[Result "1-0"]
[WhiteTitle "GM"]
[BlackTitle "GM"]
[WhiteElo "2580"]
[BlackElo "2406"]
[WhiteFideId "2107139"]
[BlackFideId "9300201"]
[EventDate "2014.06.19"]

1. d4 Nf6 2. Bg5 Ne4 3. Bf4 d6 4. Nd2 Nxd2 5. Qxd2 c6 6. O-O-O Nd7 7. e4 Qc7 8.
Nf3 Nf6 9. Bc4 Bg4 10. Rhe1 Bxf3 11. gxf3 e5 12. Bg5 Be7 13. f4 O-O 14. fxe5
dxe5 15. dxe5 Qxe5 16. f4 Qc5 17. Bb3 Rfd8 18. Qe2 h6 19. Bxf6 Bxf6 20. e5 Bh4
21. Rg1 Bf2 22. Qg4 Be3+ 23. Kb1 Bxg1 24. Rxg1 Qf8 25. f5 Kh8 26. a3 c5 27. Qf4
Rd4 28. Qf3 c4 29. f6 g6 30. Ba2 b5 31. Ka1 Rad8 32. Bb1 b4 33. c3 bxc3 34. Qxc3
Rd1 35. Rxd1 Rxd1 36. Qxc4 Qe8 37. Qc5 Re1 38. Qxa7 Rxe5 39. Qd4 Re1 40. a4 Re5
41. Qd2 Kh7 42. Bc2 Re1+ 43. Ka2 Re2 44. Qc3 Qe6+ 45. Bb3 Qf5 46. Bxf7 Re1 47.
Qxe1 Qxf6 48. Qe6 Qg5 49. Qb3 Qf4 50. a5 Qe5 51. Bd5 Qc7 52. Qb7 1-0

[Event "FIDE World Blitz 2014"]
[Site "Dubai UAE"]
[Date "2014.06.19"]
[Round "4.47"]
[White "Al-Modiahki, Mohamad"]
[Black "Breckenridge, Steven James"]
[Result "0-1"]
[WhiteTitle "GM"]
[BlackTitle "FM"]
[WhiteElo "2549"]
[BlackElo "2299"]
[WhiteFideId "12100030"]
[BlackFideId "2043700"]
[EventDate "2014.06.19"]

1. e4 e5 2. Nf3 Nc6 3. Bb5 a6 4. Ba4 Nf6 5. O-O b5 6. Bb3 Bb7 7. d4 exd4 8. e5
Ne4 9. Re1 Na5 10. Nxd4 c5 11. Bxf7+ Kxf7 12. Nf5 g6 13. Ne3 Be7 14. Nd5 Ng5 15.
a4 Kg7 16. b3 Ne6 17. g3 Nd4 18. c4 bxc4 19. bxc4 Nxc4 20. Nbc3 d6 21. exd6 Bxd6
22. Be3 Be5 23. Bxd4 Bxd4 24. Nf4 Re8 25. Qb3 Bxf2+ 26. Kxf2 Qd4+ 27. Kf1 Nd2# 0-1

[Event "FIDE World Blitz 2014"]
[Site "Dubai UAE"]
[Date "2014.06.19"]
[Round "4.48"]
[White "Alahakoon, Isuru"]
[Black "Yudin, Sergei"]
[Result "0-1"]
[BlackTitle "GM"]
[WhiteElo "2123"]
[BlackElo "2546"]
[WhiteFideId "9900993"]
[BlackFideId "4159659"]
[EventDate "2014.06.19"]

1. e4 d6 2. Nc3 Nf6 3. f4 d5 4. e5 d4 5. exf6 dxc3 6. fxg7 cxd2+ 7. Qxd2 Qxd2+
8. Bxd2 Bxg7 9. O-O-O Nc6 10. Nf3 Bf5 11. Bb5 O-O-O 12. Bxc6 bxc6 13. Ne5 Bxe5
14. fxe5 Rd5 15. c4 Rd4 16. b3 Bg4 17. Rdf1 Rhd8 18. Be3 Re4 19. Bxa7 Kb7 20.
Bc5 Rxe5 21. Ba3 Re2 22. Re1 Rxg2 23. Rhg1 Rxa2 24. Rxg4 Ra1+ 25. Kc2 Rxe1 26.
Rg7 Re2+ 27. Kc3 Re3+ 28. Kb4 Rdd3 29. Kc5 Rxb3 30. Bc1 Rf3 31. Rxh7 e5 32. Bd2
e4 33. Ba5 e3 34. Rh4 e2 35. Re4 Rbe3 36. Rd4 e1=Q 37. Bxe1 Rxe1 38. h3 Re5+ 39.
Kb4 c5+ 0-1

[Event "FIDE World Blitz 2014"]
[Site "Dubai UAE"]
[Date "2014.06.19"]
[Round "4.49"]
[White "Kovalev, Vladislav"]
[Black "AlHuwar, Jasem"]
[Result "1-0"]
[WhiteTitle "GM"]
[BlackTitle "FM"]
[WhiteElo "2554"]
[BlackElo "2277"]
[WhiteFideId "13504398"]
[BlackFideId "9300465"]
[EventDate "2014.06.19"]

1. e4 e6 2. d4 d5 3. Nd2 dxe4 4. Nxe4 Nd7 5. Nf3 Ngf6 6. Nxf6+ Nxf6 7. Bd3 c5 8.
Be3 cxd4 9. Bxd4 Be7 10. Qe2 O-O 11. O-O-O Qa5 12. Kb1 Nd5 13. Be4 Nf6 14. Bd3
Nd5 15. Qe5 f6 16. Qe4 f5 17. Qe1 Qc7 18. a3 Bd7 19. c4 Nf4 20. Be5 Nxd3 21.
Bxc7 Nxe1 22. Rxd7 Nxf3 23. Rxe7 Nd4 24. Be5 Nc6 25. Rxg7+ Kh8 26. Bc3 e5 27.
Rxb7 Rab8 28. Rxb8 Rxb8 29. Re1 Re8 30. f4 Kg8 31. Bxe5 1-0

[Event "FIDE World Blitz 2014"]
[Site "Dubai UAE"]
[Date "2014.06.19"]
[Round "4.50"]
[White "Nezad, Husein Aziz"]
[Black "Salgado Lopez, Ivan"]
[Result "0-1"]
[WhiteTitle "IM"]
[BlackTitle "GM"]
[WhiteElo "2365"]
[BlackElo "2622"]
[WhiteFideId "12100293"]
[BlackFideId "2257327"]
[EventDate "2014.06.19"]

1. e4 c5 2. Nf3 Nc6 3. Bb5 g6 4. Bxc6 bxc6 5. O-O Bg7 6. Re1 Rb8 7. c3 Nf6 8. d4
cxd4 9. cxd4 O-O 10. Nc3 d6 11. h3 Nd7 12. b3 c5 13. Be3 Bb7 14. Rc1 Rc8 15. Qd2
Re8 16. Bg5 Qa5 17. d5 c4 18. Nd4 cxb3 19. axb3 Nc5 20. Nce2 Qxd2 21. Bxd2 Nxe4
22. Be3 Bxd5 23. Ra1 Nc5 24. Rxa7 Nxb3 25. Nxb3 Bxb3 26. Nd4 Bc4 27. Nf3 h6 28.
Rc1 e5 29. Rd7 Bf8 30. Ra1 Ra8 31. Rb1 Be6 32. Rc7 Reb8 33. Rbc1 Rc8 34. Nd2
Rxc7 35. Rxc7 d5 36. f4 exf4 37. Bxf4 Bg7 38. Nf3 d4 39. Kh2 Ra2 40. Rc5 d3 41.
Rb5 g5 42. Be3 Re2 43. Bd2 g4 44. hxg4 Bxg4 0-1

[Event "FIDE World Blitz 2014"]
[Site "Dubai UAE"]
[Date "2014.06.19"]
[Round "4.51"]
[White "Ipatov, Alexander"]
[Black "Kayumov, Sergey"]
[Result "1-0"]
[WhiteTitle "GM"]
[BlackTitle "GM"]
[WhiteElo "2613"]
[BlackElo "2505"]
[WhiteFideId "14116731"]
[BlackFideId "14200880"]
[EventDate "2014.06.19"]

1. d4 d6 2. Nf3 Bg4 3. g3 Bxf3 4. exf3 d5 5. c4 c6 6. Nc3 e6 7. Qb3 Qb6 8. c5
Qc7 9. Bf4 Qc8 10. Qc2 Nd7 11. b4 a6 12. Bd3 g6 13. Ne2 Bg7 14. O-O Ne7 15. Bd6
Qd8 16. Bxe7 Qxe7 17. f4 O-O 18. Rfe1 Rfe8 19. Kg2 Qd8 20. Rab1 f6 21. f3 e5 22.
f5 g5 23. Rh1 g4 24. fxg4 e4 25. Bxe4 dxe4 26. Qc4+ Kh8 27. Nf4 Nf8 28. Rbd1 b5
29. Qb3 Bh6 30. d5 Bxf4 31. gxf4 cxd5 32. Qxd5 Qe7 33. Qd6 Qg7 34. Kg3 e3 35.
Rhe1 Ra7 36. c6 e2 37. Rd2 Re3+ 38. Kf2 Rae7 39. Rdxe2 Rxe2+ 40. Rxe2 Rxe2+ 41.
Kxe2 Qxg4+ 42. Ke3 Qg1+ 43. Ke4 Qg2+ 44. Kd4 Qf2+ 45. Kd5 Qf3+ 46. Kc5 Qe3+ 47.
Qd4 Qe7+ 48. Kb6 Kg7 49. Kxa6 Qc7 50. Kxb5 Kf7 51. a4 Qb8+ 52. Kc4 Qc8 53. b5
Qxf5 54. Qd5+ Qxd5+ 55. Kxd5 Ne6 56. Kd6 Nd8 57. c7 Nb7+ 58. Kc6 Na5+ 59. Kd7
Nc4 60. c8=Q Nb6+ 61. Kc7 Nxc8 62. Kxc8 1-0

[Event "FIDE World Blitz 2014"]
[Site "Dubai UAE"]
[Date "2014.06.19"]
[Round "5.4"]
[White "Nepomniachtchi, Ian"]
[Black "Svidler, Peter"]
[Result "1-0"]
[WhiteTitle "GM"]
[BlackTitle "GM"]
[WhiteElo "2730"]
[BlackElo "2753"]
[WhiteFideId "4168119"]
[BlackFideId "4102142"]
[EventDate "2014.06.19"]

1. e4 c5 2. Nf3 e6 3. d4 cxd4 4. Nxd4 a6 5. c4 Nf6 6. Nc3 Bb4 7. Qd3 Qc7 8. a3
Bxc3+ 9. Qxc3 Nxe4 10. Nb5 axb5 11. Qxg7 Rf8 12. Bh6 Qc5 13. f3 b4 14. fxe4 Nc6
15. Qxf8+ Qxf8 16. Bxf8 Kxf8 17. Bd3 bxa3 18. Rxa3 Rxa3 19. bxa3 d6 20. Kd2 Ne5
21. Be2 Bd7 22. Ke3 Bc6 23. Rc1 Nd7 24. h4 h6 25. Bf3 e5 26. Bg4 Nc5 27. Bf5 Kg7
28. Rb1 Kf6 29. g4 Kg7 30. Rg1 f6 31. Rd1 1-0

[Event "FIDE World Blitz 2014"]
[Site "Dubai UAE"]
[Date "2014.06.19"]
[Round "5.7"]
[White "Korobov, Anton"]
[Black "Vitiugov, Nikita"]
[Result "0-1"]
[WhiteTitle "GM"]
[BlackTitle "GM"]
[WhiteElo "2680"]
[BlackElo "2742"]
[WhiteFideId "14105730"]
[BlackFideId "4152956"]
[EventDate "2014.06.19"]

1. d4 d5 2. c4 c6 3. Nc3 Nf6 4. e3 Bf5 5. cxd5 cxd5 6. Qb3 Bc8 7. Bd3 Nc6 8. f4
e6 9. Nf3 Be7 10. O-O O-O 11. Ne5 Nd7 12. Bd2 Ndxe5 13. fxe5 Bd7 14. Rf3 g6 15.
Raf1 Rc8 16. Qd1 f5 17. exf6 Rxf6 18. Rxf6 Bxf6 19. Qf3 Kg7 20. Ne2 Qe7 21. Nf4
Bg5 22. Be1 Rf8 23. Bg3 Kg8 24. a3 a6 25. Bb1 Bh6 26. Qe2 Na5 27. Bd3 Bg7 28. h4
Qe8 29. Rc1 Nc6 30. h5 g5 31. Nh3 Qe7 32. Nf2 e5 33. h6 Bxh6 34. Qh5 Rf6 35. e4
Be8 36. Qh3 Bd7 37. Qh2 g4 38. dxe5 Bxc1 39. exf6 Qxf6 40. exd5 Ne7 41. Qxh7+
Kf8 42. Bh4 Qf7 43. Qh8+ Ng8 44. Qe5 Qe8 45. Qd4 Qe1+ 46. Kh2 Be3 47. Qb4+ Qxb4
48. axb4 Ne7 49. Ne4 Nxd5 50. Bg3 Kg7 51. Bd6 Bf4+ 52. Bxf4 Nxf4 53. Bc4 Bc6 54.
Kg3 Nxg2 55. Nc5 Ne3 56. Bd3 Kf6 57. b5 axb5 58. Kf4 Nd1 59. b4 b6 60. Nb3 Nf2
61. Be2 Bd7 62. Nd4 Nh3+ 63. Kg3 Ke5 64. Nxb5 Ng5 65. Na3 Ne4+ 66. Kg2 Kf4 67.
Nc4 Bb5 68. Nxb6 Bxe2 69. Nd5+ Ke5 70. Nc7 Bf3+ 71. Kg1 g3 72. b5 Ng5 0-1

[Event "FIDE World Blitz 2014"]
[Site "Dubai UAE"]
[Date "2014.06.19"]
[Round "5.8"]
[White "Meier, Georg"]
[Black "Bacrot, Etienne"]
[Result "1-0"]
[WhiteTitle "GM"]
[BlackTitle "GM"]
[WhiteElo "2632"]
[BlackElo "2720"]
[WhiteFideId "4675789"]
[BlackFideId "605506"]
[EventDate "2014.06.19"]

1. Nf3 Nf6 2. g3 g6 3. Bg2 Bg7 4. O-O O-O 5. d4 c5 6. c4 cxd4 7. Nxd4 Nc6 8. Nc3
Qa5 9. e3 d6 10. Bd2 Qa6 11. b3 Bg4 12. Qc1 Rac8 13. h3 Bd7 14. Re1 Rfd8 15. Qd1
Nb4 16. Qe2 e5 17. Ncb5 exd4 18. Bxb4 dxe3 19. Nxd6 Qb6 20. Nxc8 Qxb4 21. Nxa7
Qb6 22. Qxe3 Qa5 23. Nb5 h5 24. a4 h4 25. g4 Qb4 26. Rad1 Rb8 27. g5 Re8 28. Qc3
Rxe1+ 29. Rxe1 Qxc3 30. Nxc3 Nh7 31. Re7 Bf5 32. Ne4 Bxe4 33. Bxe4 Nxg5 34. Bg2
b6 35. Rb7 Bd4 36. b4 Kg7 37. a5 bxa5 38. bxa5 1-0

[Event "FIDE World Blitz 2014"]
[Site "Dubai UAE"]
[Date "2014.06.19"]
[Round "5.10"]
[White "Fedoseev, Vladimir3"]
[Black "Dubov, Daniil"]
[Result "1/2-1/2"]
[WhiteTitle "GM"]
[BlackTitle "GM"]
[WhiteElo "2662"]
[BlackElo "2614"]
[WhiteFideId "24130737"]
[BlackFideId "24126055"]
[EventDate "2014.06.19"]

1. d4 Nf6 2. c4 c5 3. d5 b5 4. cxb5 a6 5. bxa6 g6 6. Nc3 Bxa6 7. Nf3 Bg7 8. e4
Bxf1 9. Kxf1 O-O 10. g3 d6 11. Kg2 Nbd7 12. a4 Ra6 13. Bd2 Qa8 14. Qc2 c4 15.
Nb5 Rc8 16. Bb4 Nc5 17. Bxc5 Rxc5 18. Ra3 Nd7 19. Nfd4 Nb6 20. Rha1 h5 21. Nc6
Rxc6 22. dxc6 Qxc6 23. Nc3 Ra5 24. Rd1 e6 25. f3 d5 26. exd5 exd5 27. Ne2 Rxa4
28. Rxa4 Nxa4 29. b3 Nb6 30. bxc4 Nxc4 31. Kh1 d4 32. Nxd4 Bxd4 33. Rxd4 Qxf3+
34. Qg2 Qf6 35. Rf4 Qa1+ 36. Rf1 Qd4 37. Qf3 Ne5 38. Qa8+ Kg7 39. Qb7 h4 40.
gxh4 Qxh4 41. Qd5 Qe7 42. Re1 f6 43. Rb1 Kh6 44. Qd2+ g5 45. Qd5 Qa3 46. Rf1 Qa6
47. Qg2 Kg6 48. Qc2+ Kg7 49. Qg2 Kg6 50. Rf2 Qd3 51. Rf1 f5 1/2-1/2

[Event "FIDE World Blitz 2014"]
[Site "Dubai UAE"]
[Date "2014.06.19"]
[Round "5.11"]
[White "Iturrizaga Bonelli, Eduardo"]
[Black "Van Wely, Loek"]
[Result "1/2-1/2"]
[WhiteTitle "GM"]
[BlackTitle "GM"]
[WhiteElo "2653"]
[BlackElo "2654"]
[WhiteFideId "3901211"]
[BlackFideId "1000268"]
[EventDate "2014.06.19"]

1. Nf3 Nf6 2. c4 c5 3. Nc3 e6 4. g3 b6 5. Bg2 Bb7 6. O-O Be7 7. d4 cxd4 8. Qxd4
d6 9. Bg5 O-O 10. Rfd1 Nbd7 11. Rac1 a6 12. Qd2 Rc8 13. b3 Qc7 14. Bf4 Ne8 15.
Ne1 Bxg2 16. Nxg2 Qb7 17. a4 Rc6 18. Ne1 Nef6 19. Nc2 Rd8 20. Nb4 Rcc8 21. Nd3
h6 22. Qa2 Nc5 23. b4 Nce4 24. Nxe4 Nxe4 25. Be3 d5 26. cxd5 Rxc1 27. Rxc1 Rxd5
28. Qc4 Rd7 29. Qc8+ Kh7 30. Bxb6 Bxb4 31. a5 Be7 32. Qc4 Nf6 33. Ne5 Rd5 34.
Nc6 Bf8 35. Nd8 Qd7 36. Qxa6 Ne4 37. Qc4 f5 38. Kg2 Bc5 39. Qb3 Bxb6 40. axb6
Nc5 41. Rxc5 Rxc5 42. b7 Rb5 43. b8=Q Rxb3 44. Qxb3 Qxd8 45. Qxe6 Qf8 46. h4 g6
47. f3 h5 48. Qd7+ Kh6 49. Qd4 Kh7 50. Kf2 Qa8 51. Qd7+ Kh6 52. Qf7 Qb8 53. Kg2
Qd8 54. e4 fxe4 55. fxe4 Qd2+ 56. Kh3 Qd1 57. Qf8+ Kh7 58. Qf7+ Kh6 59. Qf4+ Kh7
60. Qc7+ Kh6 61. Qf4+ Kh7 62. g4 Qh1+ 63. Kg3 Qg1+ 64. Kf3 Qf1+ 65. Kg3 Qg1+ 66.
Kf3 1/2-1/2

[Event "FIDE World Blitz 2014"]
[Site "Dubai UAE"]
[Date "2014.06.19"]
[Round "5.12"]
[White "Fressinet, Laurent"]
[Black "Volokitin, Andrei"]
[Result "1-0"]
[WhiteTitle "GM"]
[BlackTitle "GM"]
[WhiteElo "2717"]
[BlackElo "2638"]
[WhiteFideId "608742"]
[BlackFideId "14107090"]
[EventDate "2014.06.19"]

1. Nf3 Nf6 2. g3 g6 3. Bg2 d5 4. c4 c6 5. b3 Bg7 6. Bb2 O-O 7. O-O a5 8. d3 Na6
9. Nbd2 Re8 10. a3 Bf5 11. Qc2 Qc8 12. e4 dxe4 13. dxe4 Bh3 14. e5 Bxg2 15. Kxg2
Nh5 16. Rfe1 Nc5 17. Bd4 Ne6 18. Be3 Rd8 19. Rad1 Qc7 20. Qe4 Bf8 21. h4 Nhg7
22. Ng5 h5 23. Ndf3 Rxd1 24. Rxd1 Rd8 25. Rd3 Qc8 26. Bb6 Rxd3 27. Qxd3 Nxg5 28.
Nxg5 c5 29. Qf3 Nf5 30. Bxa5 Bh6 31. Bd2 Bxg5 32. Bxg5 Nd4 33. Qe4 Nxb3 34. Bxe7
Qe6 35. Qxb7 Qxe5 36. Qxb3 Qxe7 37. Qd3 Qb7+ 38. Qd5 Qa7 39. Qf3 Qa6 40. Qd3
Qa8+ 41. Kh2 Qa4 42. Qd8+ Kg7 43. Qd3 Kg8 44. Qc3 Qa8 45. Qe3 Qa5 46. a4 Qxa4
47. Qxc5 Qc2 48. Qd4 Kf8 49. c5 Ke7 50. Qe5+ Kd7 51. Qd6+ Kc8 52. Qf8+ Kb7 53.
Qxf7+ Kc6 54. Qf8 Kb5 55. Kg2 Qe4+ 56. Qf3 Qc4 57. Qb7+ Ka5 58. Qa7+ Kb5 59.
Qb6+ Ka4 60. c6 Qe4+ 61. Kh2 Qf5 62. c7 Ka3 63. Qd6+ Kb3 64. Qf4 Qc5 65. Qf7+
Kb4 66. Qf4+ Kb3 67. Qe3+ 1-0

[Event "FIDE World Blitz 2014"]
[Site "Dubai UAE"]
[Date "2014.06.19"]
[Round "5.14"]
[White "Amin, Bassem"]
[Black "Mamedov, Rauf"]
[Result "0-1"]
[WhiteTitle "GM"]
[BlackTitle "GM"]
[WhiteElo "2635"]
[BlackElo "2659"]
[WhiteFideId "10601457"]
[BlackFideId "13401653"]
[EventDate "2014.06.19"]

1. e4 g6 2. d4 Bg7 3. Nc3 d6 4. Be3 a6 5. Qd2 b5 6. f3 Bb7 7. g4 Nd7 8. h4 h5 9.
gxh5 Rxh5 10. Nge2 Ngf6 11. Ng3 Rh8 12. O-O-O Nb6 13. h5 gxh5 14. Nf5 Bf8 15.
Bg5 e6 16. Bd3 Nbd7 17. e5 dxe5 18. dxe5 b4 19. exf6 bxc3 20. Qxc3 Rg8 21. Rhg1
Rxg5 22. Rxg5 Qxf6 23. Qxf6 Nxf6 24. Ng7+ Ke7 25. f4 h4 26. Bf1 Ne4 27. Rg1 Ng3
28. Bg2 Bxg2 29. Rxg2 Bxg7 30. Rh2 Bf6 31. c3 Nf5 32. Kc2 Ne3+ 0-1

[Event "FIDE World Blitz 2014"]
[Site "Dubai UAE"]
[Date "2014.06.19"]
[Round "5.15"]
[White "Guseinov, Gadir"]
[Black "Movsesian, Sergei"]
[Result "1-0"]
[WhiteTitle "GM"]
[BlackTitle "GM"]
[WhiteElo "2613"]
[BlackElo "2672"]
[WhiteFideId "13401378"]
[BlackFideId "310204"]
[EventDate "2014.06.19"]

1. e4 c5 2. Nf3 e6 3. d4 cxd4 4. Nxd4 Nf6 5. Nc3 d6 6. g3 Nc6 7. Bg2 Bd7 8. O-O
Be7 9. Be3 O-O 10. f4 a6 11. Nb3 b5 12. a3 Qc7 13. g4 Bc8 14. g5 Nd7 15. Rf3 Re8
16. Rh3 g6 17. Qg4 Bb7 18. Qh4 Nf8 19. Nd1 Nb8 20. Nf2 Nbd7 21. Ng4 h5 22. Nh6+
Kg7 23. Nd4 Nh7 24. f5 exf5 25. Ndxf5+ Kf8 26. Rf1 Ne5 27. Nd4 Bd8 28. c3 Kg7
29. Bf4 Nc4 30. b3 Nb6 31. Ndf5+ Kh8 32. Nxd6 Qe7 33. Ndxf7+ Kg7 34. Be5+ Qxe5
35. Nxe5 Rxe5 36. Rf7+ Kh8 37. Rxb7 Nxg5 38. Qf4 Nxh3+ 39. Bxh3 Re8 40. Qf7 1-0

[Event "FIDE World Blitz 2014"]
[Site "Dubai UAE"]
[Date "2014.06.19"]
[Round "5.16"]
[White "Kasimdzhanov, Rustam"]
[Black "Tomashevsky, Evgeny"]
[Result "1/2-1/2"]
[WhiteTitle "GM"]
[BlackTitle "GM"]
[WhiteElo "2700"]
[BlackElo "2695"]
[WhiteFideId "14200244"]
[BlackFideId "4147235"]
[EventDate "2014.06.19"]

1. b3 d5 2. Bb2 Nf6 3. Nf3 Bg4 4. e3 c6 5. Be2 Nbd7 6. O-O e6 7. c4 Bd6 8. h3
Bh5 9. d4 Ne4 10. Nbd2 f5 11. Nxe4 fxe4 12. Nd2 Bxe2 13. Qxe2 Qh4 14. f4 O-O 15.
Qe1 Qh5 16. Qd1 Qh4 17. Qe1 Qh6 18. a4 Rf7 19. cxd5 exd5 20. Ba3 Bc7 21. Qg3 a5
22. Rac1 Kh8 23. Qg4 Re8 24. Rf2 Bd8 25. Nf1 Bh4 26. g3 Bd8 27. Kg2 Kg8 28. h4
Nf6 29. Qe2 Qg6 30. Nh2 h5 31. Bd6 Ng4 32. Nxg4 Qxg4 33. Qxg4 hxg4 34. Be5 Be7
35. h5 Rf5 36. Rh1 Kh7 37. Rff1 Kh6 38. Bc7 Ra8 39. Be5 Ra6 40. Rc1 Rb6 41. Rc3
Bb4 42. Rc2 Be7 43. Rc3 Ra6 44. Rcc1 Ra8 45. Rh2 Rg8 46. Rhh1 Rxh5 47. Bc7 Ra8
48. Be5 Rxh1 49. Rxh1+ Kg6 50. f5+ Kxf5 51. Bxg7 Kg6 52. Be5 Bg5 53. Bf4 Bf6 54.
Rh6+ Kg7 55. Rh5 Kg6 56. Rh6+ Kg7 57. Rh5 Ra6 58. Rh1 Rb6 59. Rb1 Be7 60. Bc7
Ra6 61. Rf1 b5 62. Rf4 bxa4 63. bxa4 c5 64. Rxg4+ Kf7 65. Rf4+ Ke6 66. dxc5 Bxc5
67. Kf2 Ra7 68. Bd8 Ra8 69. Bc7 Rc8 70. Bxa5 Ra8 71. Bc3 Rxa4 72. Rf6+ Ke7 73.
Rc6 Ra2+ 74. Kf1 Bxe3 75. Bb4+ Kf7 76. Rd6 d4 77. Bc5 Rd2 78. g4 Rd1+ 79. Ke2
Rd2+ 80. Kf1 Rf2+ 81. Ke1 Rf6 82. Rd7+ Ke8 83. Bxd4 Bxd4 1/2-1/2

[Event "FIDE World Blitz 2014"]
[Site "Dubai UAE"]
[Date "2014.06.19"]
[Round "5.18"]
[White "Riazantsev, Alexander"]
[Black "Cheparinov, Ivan"]
[Result "0-1"]
[WhiteTitle "GM"]
[BlackTitle "GM"]
[WhiteElo "2692"]
[BlackElo "2682"]
[WhiteFideId "4125029"]
[BlackFideId "2905540"]
[EventDate "2014.06.19"]

1. d4 Nf6 2. c4 g6 3. Nc3 Bg7 4. e4 d6 5. h3 O-O 6. Be3 c5 7. Nf3 cxd4 8. Nxd4
b6 9. Bd3 Bb7 10. O-O Nbd7 11. Rc1 a6 12. b3 e6 13. Nde2 Nc5 14. Ng3 Qc7 15. Qd2
Rfe8 16. Bb1 h5 17. Bg5 Nh7 18. Bh6 Bh8 19. Rfe1 Rad8 20. Nf1 Qe7 21. Bf4 Be5
22. Nh2 Qf6 23. Be3 Qe7 24. Nf3 Bg7 25. Bf4 Bf8 26. Rcd1 Qf6 27. Ng5 Be7 28.
Nxh7 Kxh7 29. Qe3 e5 30. Bh2 Rc8 31. Bd3 Red8 32. Bf1 Qg5 33. Nd5 Bxd5 34. Rxd5
Qxe3 35. Rxe3 Bg5 36. Re1 Ne6 37. Red1 Be7 38. Kh1 Nc7 39. R5d2 Ne6 40. f3 Nd4
41. Bg1 Bf6 42. Be3 Kg7 43. Kg1 h4 44. Rb1 a5 45. Be2 Rc7 46. Kf2 Rc6 47. Bd3
Ne6 48. Be2 Bg5 49. Bxg5 Nxg5 50. Rbd1 Ne6 51. Rd5 Kf6 52. Ke3 Ke7 53. Bf1 Nc7
54. R5d2 Rc5 55. Rd3 Ne6 56. R3d2 Rcc8 57. Rd5 Rc5 58. R5d2 Nf4 59. a3 Rc7 60.
Rb2 Ne6 61. b4 axb4 62. Rxb4 Ra8 63. Rd3 Ra6 64. Rdb3 Rc6 65. Be2 Nc5 66. Rc3
Kd7 67. Bd1 Kc7 68. a4 Ra5 69. Rc1 Kb7 70. f4 exf4+ 71. Kd4 Ne6+ 72. Kd3 Rg5 73.
Bf3 Rgc5 74. e5 dxe5 75. Rcb1 Kc7 76. Bxc6 Rxc6 77. Ke4 f6 78. Kf3 f5 79. a5 e4+
80. Kf2 bxa5 81. Rb7+ Kd6 82. Rd1+ Ke5 83. Rb5+ Kf6 84. Rxa5 g5 85. c5 Rxc5 86.
Ra6 Re5 87. Rdd6 g4 88. Rdb6 g3+ 89. Ke2 f3+ 90. gxf3 g2 91. Ra1 Kg5 92. Kf2 e3+
93. Kxg2 Nf4+ 94. Kh2 e2 95. Rg1+ Kh5 96. Rb8 Ng6 97. Re1 Re3 98. Rg8 Ne5 99.
Re8 Nxf3+ 100. Kg2 Nxe1+ 0-1

[Event "FIDE World Blitz 2014"]
[Site "Dubai UAE"]
[Date "2014.06.19"]
[Round "5.20"]
[White "Eljanov, Pavel"]
[Black "Potkin, Vladimir"]
[Result "1/2-1/2"]
[WhiteTitle "GM"]
[BlackTitle "GM"]
[WhiteElo "2723"]
[BlackElo "2621"]
[WhiteFideId "14102951"]
[BlackFideId "4131061"]
[EventDate "2014.06.19"]

1. d4 d5 2. c4 c6 3. Nf3 Nf6 4. e3 Bg4 5. h3 Bh5 6. cxd5 Bxf3 7. Qxf3 cxd5 8.
Nc3 Nc6 9. Bd2 e6 10. Bd3 Bd6 11. O-O O-O 12. Rac1 Rc8 13. Qe2 Qe7 14. a3 a6 15.
f4 b5 16. Be1 Nd7 17. f5 Qg5 18. Rc2 Bg3 19. Bd2 Qh4 20. Qf3 Ne7 21. Ne2 Rxc2
22. Bxc2 Bd6 23. Nf4 Bxf4 24. Qxf4 Qxf4 25. Rxf4 Nxf5 26. Bxf5 exf5 27. Rxf5 Nf6
28. Be1 Re8 29. Bh4 Rxe3 30. Bxf6 gxf6 31. Rxf6 a5 32. Rd6 Rb3 33. Rxd5 Rxb2 34.
Kh2 a4 35. Kg3 Kg7 36. Kf4 Rxg2 37. Rxb5 Ra2 38. d5 Rxa3 39. h4 Rd3 40. Ke5 a3
41. Ra5 Re3+ 42. Kd4 Rh3 43. Kc5 Kf6 44. Ra7 Ke5 45. Rxf7 Rc3+ 46. Kb4 Rh3 47.
Rxh7 Kxd5 48. Ra7 Rxh4+ 1/2-1/2

[Event "FIDE World Blitz 2014"]
[Site "Dubai UAE"]
[Date "2014.06.19"]
[Round "5.22"]
[White "Aronian, Levon"]
[Black "Georgiev, Kiril"]
[Result "1-0"]
[WhiteTitle "GM"]
[BlackTitle "GM"]
[WhiteElo "2815"]
[BlackElo "2644"]
[WhiteFideId "13300474"]
[BlackFideId "2900017"]
[EventDate "2014.06.19"]

1. d4 Nf6 2. c4 e6 3. Nf3 Bb4+ 4. Nbd2 O-O 5. a3 Be7 6. e4 d6 7. Bd3 Nbd7 8. b3
e5 9. Bb2 Re8 10. O-O Bf8 11. Re1 a5 12. h3 c6 13. Bc2 g6 14. Nf1 Bg7 15. Ng3
exd4 16. Bxd4 Ne5 17. Qe2 Nxf3+ 18. Qxf3 Be6 19. Rad1 Qe7 20. Bc3 Nd7 21. Bxg7
Kxg7 22. Qc3+ Kg8 23. Nf5 Bxf5 24. exf5 Qf8 25. Rxe8 Rxe8 26. Qxa5 Re2 27. Bd3
Re5 28. Qc7 Nc5 29. b4 Re7 30. Qb6 Nxd3 31. Rxd3 Rd7 32. f6 Qd8 33. Qxd8+ Rxd8
34. Re3 b5 35. cxb5 cxb5 36. Re7 d5 37. Rb7 d4 38. Kf1 h5 39. Rxb5 Rd6 40. a4
Rxf6 41. a5 Re6 42. Rd5 1-0

[Event "FIDE World Blitz 2014"]
[Site "Dubai UAE"]
[Date "2014.06.19"]
[Round "5.25"]
[White "Yu, Yangyi"]
[Black "Goloshchapov, Alexander"]
[Result "1/2-1/2"]
[WhiteTitle "GM"]
[BlackTitle "GM"]
[WhiteElo "2675"]
[BlackElo "2586"]
[WhiteFideId "8603820"]
[BlackFideId "14103222"]
[EventDate "2014.06.19"]

1. e4 e6 2. d4 d5 3. Nc3 dxe4 4. Nxe4 Nd7 5. Nf3 Ngf6 6. Bg5 h6 7. Bxf6 Nxf6 8.
Bd3 Be7 9. c3 O-O 10. Nxf6+ Bxf6 11. Qe2 Qd6 12. h4 Rd8 13. O-O-O Bd7 14. Kb1
Ba4 15. Rd2 c5 16. dxc5 Qxc5 17. g4 Bc6 18. Rhd1 Rd5 19. Be4 Rxd2 20. Rxd2 Rd8
21. Rxd8+ Bxd8 22. Nd4 Bxh4 23. Bxc6 bxc6 24. f3 Bf6 25. Nb3 Qd5 26. Nd2 h5 27.
gxh5 Qxh5 28. a4 Qd5 29. Ne4 Be7 30. Nd2 f5 31. Kc2 g5 32. Nc4 Bf6 33. Ne3 Qe5
34. Qd3 Qc7 35. Qc4 Qe5 36. Qd3 Qh2+ 37. Kb1 Qc7 38. Qc4 Qe5 39. Qd3 Qc7 40. Qc4
Qe5 41. Qd3 Qc7 42. Kc2 Kf7 43. Qc4 Ke7 44. Qc5+ Kf7 45. Qc4 Ke7 46. a5 Qxa5 47.
Qxc6 Qb6 48. Qxb6 axb6 49. Nc4 b5 50. Na3 b4 51. cxb4 Kd6 52. Kd3 Kd5 53. Nc4 e5
54. Ne3+ Ke6 55. b5 Bd8 56. Nc4 g4 57. fxg4 fxg4 58. Ke4 g3 59. Kf3 Kd5 60. b3
Kc5 61. Nxe5 Kxb5 62. Nd3 Bc7 63. Kg2 Bd6 64. Nc1 Kb4 65. Ne2 Kxb3 66. Nxg3 Bxg3
67. Kxg3 1/2-1/2